Statistieken voor Meerkeuze Italië

Klik hier om de quiz te nemen!

Algemene statistieken

  • Deze quiz is 107 keer genomen
    (106 sinds de laatste reset)
  • De gemiddelde score is 11 van 15

Antwoordstatistieken

VraagAntwoord% Correct
Welke kleuren zijn terug te vinden op de Italiaanse vlag?Rood, Wit, Groen
95%
Welke van de volgende kazen is niet Italiaans?Camembert
85%
Welk van deze landen ligt geografisch gezien, in vogelvlucht, het dichtst bij Italië?Kroatië
85%
Ligt Firenze aan de kust?Neen
82%
Welke van deze Italiaanse steden ligt het meest noordelijk?Venetië
82%
Wie beschilderde het plafond van de Sixtijnse Kapel in Vaticaanstad, Rome?Michelangelo
81%
Wat is een "pommodoro"?Tomaat
77%
Welke van deze vulkanen ligt NIET in Italië?Monte Teide
76%
Waar vertrok Christoffel Colombus voor zijn ontdekkingsreis naar Amerika?Genua
72%
Wie van de volgende personen was GEEN Romeins heerser?Tamerlane
72%
Wat is een "duomo"?Kerk
65%
Wat is er te zien in "La Scala"?Operas
61%
Is Italiaans, buiten in Italië, nog in andere landen een officiële taal?Ja
54%
Welk van volgende dingen werd niet in Italië uitgevonden?Filmcamera
51%
Wie was Federico Fellini?Regisseur
42%

Scoreverdeling

Percentiel versus Aantal Correcte Antwoorden

Procent van Mensen met Elke Score

Uw Scoregeschiedenis

U heeft deze quiz nog niet genomen sinds de laatste reset